| 000 | 00587nam a22001577a 4500 | ||
|---|---|---|---|
| 003 | 0 | ||
| 005 | 20231106140246.0 | ||
| 008 | 221004b xxu||||| |||| 00| 0 eng d | ||
| 050 |
_aHG179 _b.R64 2022 |
||
| 100 | _aMarietoni T. Rogacion | ||
| 245 |
_aThe relationship of debt management practices to the level of financial literacy of selected professionals in Las Pinas City _cMarietoni T. Rogacion |
||
| 260 |
_aLas Pinas City, Philippines _bSouthville International School and Colleges _cC2022 |
||
| 300 |
_aiv,137pp. _c28cm. _fTheses |
||
| 500 | _aFinancial literacy. | ||
| 942 |
_2lcc _cTH |
||
| 999 |
_c364819 _d364819 |
||